000 00762nam a2200181Ia 4500
003 GCL
008 140319s9999 xx 000 0 ara d
040 _aGCL /
_cGCL
082 0 4 _aد
_b050
100 1 _aبرنامج الامم المتحدة الانمائى
245 1 0 _aحاجات الانسان الاساسية فى الوطن العربى ( الجوانب البيئية والتكنولوجيا والسياسات ( عالم المعرفة 150 ) /
_cبرنامج الامم المتحدة الانمائى
700 1 _aعبدالسلام رضوان
300 _a480 ص
490 _aعالم المعرفة
_v0
650 0 4 _aالعالم العربى
650 0 4 _aالعالم العربى - التنمية الاقتصادية
942 _2ddc
_cBK
999 _c50304
_d50304